Generation and collective interaction of giant magnetic dipoles in laser cluster plasma
Interaction of circularly polarized laser pulses with spherical nano-droplets generates nanometer-size magnets with lifetime on the order of hundreds of femtoseconds. Such magnetic dipoles are close enough in a cluster target and magnetic interaction takes place. We investigate such system of severa...
Elmentve itt :
| Szerzők: | |
|---|---|
| Dokumentumtípus: | Cikk |
| Megjelent: |
2021
|
| Sorozat: | SCIENTIFIC REPORTS
11 No. 1 |
| Tárgyszavak: | |
| doi: | 10.1038/s41598-021-95465-x |
| mtmt: | 32385239 |
| Online Access: | http://publicatio.bibl.u-szeged.hu/26809 |
| LEADER | 01397nab a2200253 i 4500 | ||
|---|---|---|---|
| 001 | publ26809 | ||
| 005 | 20230323084525.0 | ||
| 008 | 230323s2021 hu o 0|| Angol d | ||
| 022 | |a 2045-2322 | ||
| 024 | 7 | |a 10.1038/s41598-021-95465-x |2 doi | |
| 024 | 7 | |a 32385239 |2 mtmt | |
| 040 | |a SZTE Publicatio Repozitórium |b hun | ||
| 041 | |a Angol | ||
| 100 | 1 | |a Andreev Alexander | |
| 245 | 1 | 0 | |a Generation and collective interaction of giant magnetic dipoles in laser cluster plasma |h [elektronikus dokumentum] / |c Andreev Alexander |
| 260 | |c 2021 | ||
| 300 | |a 9 | ||
| 490 | 0 | |a SCIENTIFIC REPORTS |v 11 No. 1 | |
| 520 | 3 | |a Interaction of circularly polarized laser pulses with spherical nano-droplets generates nanometer-size magnets with lifetime on the order of hundreds of femtoseconds. Such magnetic dipoles are close enough in a cluster target and magnetic interaction takes place. We investigate such system of several magnetic dipoles and describe their rotation in the framework of Lagrangian formalism. The semi-analytical results are compared to particle-in-cell simulations, which confirm the theoretically obtained terrahertz frequency of the dipole oscillation. | |
| 650 | 4 | |a Fizikai tudományok | |
| 700 | 0 | 1 | |a Platonov K. |e aut |
| 700 | 0 | 1 | |a Lécz Zsolt |e aut |
| 700 | 0 | 1 | |a Hafiz Nasr Abdelrahman Mohamed |e aut |
| 856 | 4 | 0 | |u http://publicatio.bibl.u-szeged.hu/26809/1/32385239.pdf |z Dokumentum-elérés |